| 000 | 00395nam a22001457a 4500 | ||
|---|---|---|---|
| 003 | NUST | ||
| 020 | _a9783030069995 | ||
| 038 | _akhadija | ||
| 082 |
_a515.35 _bALI |
||
| 100 |
_aKeskin, Umit Ali _983027 |
||
| 245 |
_aOrdinary Differential Equations for Engineers : _bProblems with MATLAB Solutions / _cAli Umit Keskin |
||
| 260 |
_aIstanbul _bSpringer _c2019 |
||
| 563 | _aPB | ||
| 942 |
_2ddc _cBK |
||
| 999 |
_c586497 _d586497 |
||